| 000 | 00343nam a2200109Ia 4500 | ||
|---|---|---|---|
| 008 | 171211s9999 xx 000 0 und d | ||
| 245 | _aArchitectural Drawing: A Visual Compendium of Types and Methods, 4th Edition | ||
| 245 | _cRendow Yee | ||
| 260 | _c2012 | ||
| 650 | _xArchitecture | ||
| 856 | _uhttp://down.ebook777.com/064/9781118012871.pdf | ||
| 999 |
_c350020 _d350020 |
||